[Event "Gibraltar ChallWk1 11th "]
[Site "Gibraltar"]
[Date "2013.01.24"]
[Round "4.12"]
[White "Corsino, Gianluca"]
[Black "Pena Riasco, Alexander"]
[Result "1-0"]
[WhiteElo "2059"]
[BlackElo "2156"]
[PlyCount "101"]
[EventDate "2013.01.21"]
[EventType "swiss"]
[EventRounds "5"]
[EventCountry "GGB"]
[SourceTitle "BritBase"]
[Source "www.saund.co.uk"]
[SourceDate "2018.02.10"]
[SourceVersion "1"]
[SourceVersionDate "2018.02.10"]
[SourceQuality "1"]

1. d4 d5 2. c4 c6 3. Nc3 Nf6 4. Nf3 dxc4 5. a4 Bf5 6. Ne5 e6 7. Nxc4 Bb4 8. Qb3
Qe7 9. Bg5 Nbd7 10. e3 h6 11. Bh4 O-O 12. Be2 a5 13. O-O e5 14. dxe5 Nxe5 15.
Nxe5 Qxe5 16. Bg3 Qe7 17. Rfd1 Rfd8 18. Bf3 Nh7 19. Be2 Nf8 20. Na2 Bc5 21. Qc3
Be4 22. Rxd8 Rxd8 23. Qxa5 Ne6 24. Qc3 Qg5 25. Rd1 Rxd1+ 26. Bxd1 Bxg2 27. Kxg2
Qd5+ 28. Bf3 Qxa2 29. b4 Bf8 30. b5 cxb5 31. axb5 b6 32. Qc6 Nc5 33. Qxb6 Nd3
34. Qc6 Ne1+ 35. Kh3 Qb2 36. Bg4 Qd2 37. Qc4 Qa5 38. Qe2 Bb4 39. Qc4 Qa3 40. e4
Ba5 41. Bh5 Qe7 42. e5 g6 43. Bxg6 Nf3 44. Kg2 Ng5 45. h4 Ne6 46. Bf5 Qd7 47.
Qg4+ Kf8 48. Bxe6 fxe6 49. Bf4 Qd5+ 50. Qf3 Qxf3+ 51. Kxf3 1-0

[Event "Gibraltar ChallWk1 11th "]
[Site "Gibraltar"]
[Date "2013.01.24"]
[Round "4.13"]
[White "Jameson, David"]
[Black "Schouten, Freek"]
[Result "0-1"]
[WhiteElo "2143"]
[BlackElo "2060"]
[PlyCount "86"]
[EventDate "2013.01.21"]
[EventType "swiss"]
[EventRounds "5"]
[EventCountry "GGB"]
[SourceTitle "BritBase"]
[Source "www.saund.co.uk"]
[SourceDate "2018.02.10"]
[SourceVersion "1"]
[SourceVersionDate "2018.02.10"]
[SourceQuality "1"]

1. d4 d5 2. c4 c6 3. Nc3 Nf6 4. Nf3 a6 5. e3 Bf5 6. Qb3 Ra7 7. Bd2 e6 8. cxd5
exd5 9. Be2 Bd6 10. O-O O-O 11. Ne5 Nbd7 12. f4 Ne4 13. Nxe4 Bxe4 14. Rac1 f6
15. Bf3 Bxf3 16. Nxf3 Kh8 17. Bb4 Qe7 18. Bxd6 Qxd6 19. Rcd1 Re8 20. Rd3 a5 21.
a3 a4 22. Qd1 b5 23. Rf2 Nb6 24. Nd2 Rae7 25. Rf3 Nc4 26. Nxc4 dxc4 27. Rc3 c5
28. Rf1 Rxe3 29. Rxe3 Rxe3 30. dxc5 Qxc5 31. Kh1 Rd3 32. Qg4 g6 33. Qe6 Kg7 34.
h4 Rd2 35. f5 Qe5 36. Qc6 gxf5 37. Qb7+ Kh6 38. Qf7 Rd8 39. Kg1 Qd4+ 40. Rf2
Qxh4 41. Qa7 Rd1+ 42. Rf1 Rxf1+ 43. Kxf1 Qf4+ 0-1

[Event "Gibraltar ChallWk1 11th "]
[Site "Gibraltar"]
[Date "2013.01.24"]
[Round "4.14"]
[White "Zanetti, Bruno"]
[Black "Janev, Pavel"]
[Result "1-0"]
[WhiteElo "2030"]
[BlackElo "2126"]
[PlyCount "87"]
[EventDate "2013.01.21"]
[EventType "swiss"]
[EventRounds "5"]
[EventCountry "GGB"]
[SourceTitle "BritBase"]
[Source "www.saund.co.uk"]
[SourceDate "2018.02.10"]
[SourceVersion "1"]
[SourceVersionDate "2018.02.10"]
[SourceQuality "1"]

1. d4 e6 2. c4 b6 3. Nc3 Bb7 4. e4 Bb4 5. Bd3 f5 6. Qe2 Nc6 7. Nf3 fxe4 8. Bxe4
Nf6 9. O-O Bxc3 10. Bxc6 Bxc6 11. bxc3 O-O 12. Ne5 Bb7 13. Bg5 Qe8 14. f3 Ba6
15. Rfe1 Kh8 16. a4 d6 17. Bxf6 Rxf6 18. Ng4 Rg6 19. a5 Qc6 20. Ne3 Bb7 21. a6
Bc8 22. Nd5 Qd7 23. Qe4 Rb8 24. Nb4 b5 25. c5 d5 26. Nxd5 Qf7 27. Nb4 Bd7 28.
Nd3 Rf6 29. Ne5 Qe8 30. Rab1 c6 31. c4 Qc8 32. Rb4 Be8 33. Ra1 h6 34. cxb5 Rxb5
35. Rxb5 cxb5 36. c6 g5 37. g3 Kg7 38. Rc1 Qc7 39. Rc5 Qa5 40. c7 Qa1+ 41. Kg2
g4 42. Nxg4 Bg6 43. Qe5 Qb2+ 44. Kh3 1-0

[Event "Gibraltar ChallWk1 11th "]
[Site "Gibraltar"]
[Date "2013.01.24"]
[Round "4.16"]
[White "Van Dongen, Edwin"]
[Black "Olhovik, Andrei"]
[Result "0-1"]
[WhiteElo "2055"]
[BlackElo "2246"]
[PlyCount "80"]
[EventDate "2013.01.21"]
[EventType "swiss"]
[EventRounds "5"]
[EventCountry "GGB"]
[SourceTitle "BritBase"]
[Source "www.saund.co.uk"]
[SourceDate "2018.02.10"]
[SourceVersion "1"]
[SourceVersionDate "2018.02.10"]
[SourceQuality "1"]

1. f4 d5 2. b3 Nf6 3. e3 g6 4. Bb2 Bg7 5. Nf3 O-O 6. Be2 c5 7. O-O Nc6 8. Ne5
Qc7 9. Nxc6 Qxc6 10. Bf3 Qc7 11. Be5 Qa5 12. d3 Be6 13. Qe2 Rfd8 14. Nd2 Ne8
15. Bxg7 Nxg7 16. a4 Rd7 17. Qe1 Rc8 18. Be2 Qc3 19. Rc1 c4 20. Nf3 Qxe1 21.
Rfxe1 cxb3 22. cxb3 Rdc7 23. Rxc7 Rxc7 24. Nd4 Bd7 25. Bf3 e6 26. Kf2 Nf5 27.
Nxf5 gxf5 28. Rb1 b5 29. Bd1 Kf8 30. Ke2 Ke7 31. Kd2 Kd6 32. Ra1 bxa4 33. bxa4
Rb7 34. Kc3 a5 35. Ra2 Rb1 36. Kc2 Rb4 37. Kc3 f6 38. Bb3 Bc6 39. h3 d4+ 40.
exd4 Rxb3+ 0-1

[Event "Gibraltar ChallWk1 11th "]
[Site "Gibraltar"]
[Date "2013.01.24"]
[Round "4.17"]
[White "Lindsoe, Fredrik Aunan"]
[Black "Lyell, Mark"]
[Result "0-1"]
[WhiteElo "2064"]
[BlackElo "2235"]
[PlyCount "86"]
[EventDate "2013.01.21"]
[EventType "swiss"]
[EventRounds "5"]
[EventCountry "GGB"]
[SourceTitle "BritBase"]
[Source "www.saund.co.uk"]
[SourceDate "2018.02.10"]
[SourceVersion "1"]
[SourceVersionDate "2018.02.10"]
[SourceQuality "1"]

1. Nf3 d5 2. d4 c5 3. e3 Nf6 4. c4 cxd4 5. exd4 g6 6. Nc3 Bg7 7. Be3 O-O 8. Qb3
Nbd7 9. cxd5 Nb6 10. d6 Qxd6 11. Nb5 Qd8 12. Be2 Be6 13. Qd1 Nc4 14. O-O Nxe3
15. fxe3 Nd5 16. Qd3 Bh6 17. e4 Nf4 18. Qd1 Qb6 19. b3 Rfd8 20. Kh1 Rac8 21. d5
Bg4 22. Bc4 a6 23. Nbd4 e5 24. Nc2 Qc5 25. a4 f6 26. Qe1 Kg7 27. Ne3 Nd3 28.
Qh4 Qxe3 29. Nxe5 Nxe5 30. Qxf6+ Kg8 31. Qxe5 Bg7 32. d6+ Kh8 33. Qd5 Bxa1 34.
Rxa1 Qc3 35. Rf1 Rf8 36. Rxf8+ Rxf8 37. h3 Bxh3 38. d7 Bxg2+ 39. Kxg2 Qf3+ 40.
Kg1 Qg3+ 41. Kh1 Qe1+ 42. Kh2 Rf2+ 43. Kg3 Qg1+ 0-1

[Event "Gibraltar ChallWk1 11th "]
[Site "Gibraltar"]
[Date "2013.01.24"]
[Round "4.18"]
[White "Rios Gonzalez, Jose Antonio"]
[Black "Cawley, Paul F"]
[Result "0-1"]
[WhiteElo "1990"]
[BlackElo "2113"]
[PlyCount "81"]
[EventDate "2013.01.21"]
[EventType "swiss"]
[EventRounds "5"]
[EventCountry "GGB"]
[SourceTitle "BritBase"]
[Source "www.saund.co.uk"]
[SourceDate "2018.02.10"]
[SourceVersion "1"]
[SourceVersionDate "2018.02.10"]
[SourceQuality "1"]

1. d4 e6 2. c4 Nf6 3. Nf3 b6 4. g3 Bb7 5. Bg2 Be7 6. b3 O-O 7. O-O d5 8. Bb2
Nbd7 9. Nbd2 c5 10. e3 Re8 11. Qc2 Rc8 12. Rac1 Rc7 13. a4 Qa8 14. Ne1 Bd6 15.
f4 cxd4 16. exd4 Ne4 17. Nxe4 dxe4 18. Qe2 f5 19. Nc2 Qc8 20. Ne3 Nf6 21. h3
Rf8 22. Bc3 a5 23. g4 Nd5 24. Nxd5 exd5 25. Qb2 fxg4 26. f5 gxh3 27. Bxh3 Qd8
28. Qg2 Qh4 29. Be1 Qh6 30. Bg3 Qe3+ 31. Bf2 Qh6 32. Bg3 dxc4 33. Rxc4 e3 34.
d5 e2 35. Re1 Bc5+ 36. Kh2 Rd7 37. Qxe2 Rxd5 38. Rh4 Qd2 39. Bf4 Qxe2+ 40. Rxe2
Rd1 41. Rg4 0-1

[Event "Gibraltar ChallWk1 11th "]
[Site "Gibraltar"]
[Date "2013.01.24"]
[Round "4.19"]
[White "Wallgren, Ulf"]
[Black "Hamer, Martyn"]
[Result "1-0"]
[WhiteElo "2097"]
[BlackElo "2025"]
[PlyCount "97"]
[EventDate "2013.01.21"]
[EventType "swiss"]
[EventRounds "5"]
[EventCountry "GGB"]
[SourceTitle "BritBase"]
[Source "www.saund.co.uk"]
[SourceDate "2018.02.10"]
[SourceVersion "1"]
[SourceVersionDate "2018.02.10"]
[SourceQuality "1"]

1. e4 Nf6 2. e5 Nd5 3. d4 d6 4. Nf3 dxe5 5. Nxe5 c6 6. Bd3 Nd7 7. Nf3 g6 8. c4
Nc7 9. O-O Bg7 10. Nc3 O-O 11. Re1 Nf6 12. h3 c5 13. Be3 cxd4 14. Bxd4 Ne6 15.
Be5 Bd7 16. Ne4 Nxe4 17. Bxe4 Bc6 18. Bxc6 bxc6 19. Bxg7 Kxg7 20. Qe2 Qc7 21.
Qe5+ Qxe5 22. Rxe5 Rfd8 23. Kf1 Kf6 24. Re4 Rd6 25. Rae1 Rad8 26. b4 Rd1 27.
Ne5 Rxe1+ 28. Kxe1 Rd4 29. Ng4+ Kg7 30. Rxd4 Nxd4 31. Kd2 h5 32. Kd3 Ne6 33.
Ne5 Nd8 34. Nd7 f6 35. Kd4 Nb7 36. f4 Kf7 37. Nb8 Nd8 38. a4 Ke6 39. Kc5 Kf5
40. Nxc6 Ne6+ 41. Kb5 Nc7+ 42. Ka5 e5 43. fxe5 fxe5 44. b5 e4 45. c5 Na8 46. b6
axb6+ 47. cxb6 Nxb6 48. Kxb6 e3 49. Kc5 1-0

[Event "Gibraltar ChallWk1 11th "]
[Site "Gibraltar"]
[Date "2013.01.24"]
[Round "4.20"]
[White "Becham, Khalid"]
[Black "Kandic, Milan"]
[Result "1/2-1/2"]
[WhiteElo "1929"]
[BlackElo "2090"]
[PlyCount "116"]
[EventDate "2013.01.21"]
[EventType "swiss"]
[EventRounds "5"]
[EventCountry "GGB"]
[SourceTitle "BritBase"]
[Source "www.saund.co.uk"]
[SourceDate "2018.02.10"]
[SourceVersion "1"]
[SourceVersionDate "2018.02.10"]
[SourceQuality "1"]

1. e4 d6 2. d4 Nf6 3. Nc3 e5 4. Nf3 Nbd7 5. Bc4 Be7 6. O-O O-O 7. a4 c6 8. a5
Rb8 9. b3 Qc7 10. Bb2 b5 11. axb6 axb6 12. Qe2 b5 13. Bd3 exd4 14. Nxd4 Ne5 15.
Nd1 g6 16. h3 Bd7 17. f4 Nxd3 18. cxd3 c5 19. Nf3 d5 20. Be5 Qb6 21. Bxb8 Rxb8
22. Kh2 dxe4 23. dxe4 Qe6 24. Nd2 Nh5 25. Qe3 Nxf4 26. Rxf4 Bd6 27. Kg1 Qe5 28.
Ra7 c4 29. Nf3 Qxf4 30. Qxf4 Bxf4 31. Rxd7 cxb3 32. Rd3 Ra8 33. Rxb3 Ra1 34.
Rd3 b4 35. Nd4 Be3+ 36. Kh2 Bxd4 37. Rxd4 b3 38. Rd2 Ra4 39. Re2 Rc4 40. Nb2
Rc3 41. Kg1 Kg7 42. Kf2 Kf6 43. Na4 Rc4 44. Nb6 Rc2 45. Na4 Ke5 46. Ke1 Rc4 47.
Nb2 Rc3 48. Kd2 Rc2+ 49. Kd3 Rxe2 50. Nc4+ Kf4 51. Kxe2 Kg3 52. Kf1 f6 53. Kg1
h5 54. Kf1 h4 55. Kg1 g5 56. Kf1 g4 57. hxg4 Kxg4 58. Ke2 Kg3 1/2-1/2

[Event "Gibraltar ChallWk1 11th "]
[Site "Gibraltar"]
[Date "2013.01.24"]
[Round "4.21"]
[White "Sevillano Garcia, Joaquin"]
[Black "Elishev, Ivan"]
[Result "0-1"]
[WhiteElo "1983"]
[BlackElo "2185"]
[PlyCount "128"]
[EventDate "2013.01.21"]
[EventType "swiss"]
[EventRounds "5"]
[EventCountry "GGB"]
[SourceTitle "BritBase"]
[Source "www.saund.co.uk"]
[SourceDate "2018.02.10"]
[SourceVersion "1"]
[SourceVersionDate "2018.02.10"]
[SourceQuality "1"]

1. g3 e5 2. Bg2 d5 3. c4 dxc4 4. Qa4+ c6 5. Qxc4 Be6 6. Qc2 Nd7 7. b3 g6 8. Bb2
Bg7 9. Na3 Nh6 10. Nc4 O-O 11. Nf3 e4 12. Nd4 Bxc4 13. bxc4 Nc5 14. Nb3 Nd3+
15. exd3 exd3 16. Qd1 Re8+ 17. Kf1 Bxb2 18. Rb1 Bg7 19. Bf3 Rc8 20. Kg2 f5 21.
Re1 Nf7 22. Rxe8+ Qxe8 23. Nc1 g5 24. Bh5 Qe4+ 25. f3 Qe7 26. Qb3 b6 27. c5 g4
28. Qxf7+ Qxf7 29. Bxf7+ Kxf7 30. Rb3 Bd4 31. cxb6 axb6 32. Rxd3 c5 33. Ne2 Re8
34. Kf1 Ke6 35. Nf4+ Kd6 36. Ng2 h5 37. f4 Kd5 38. Ra3 Ke4 39. Ke2 Re6 40. d3+
Kd5+ 41. Kf1 b5 42. Ra5 Bc3 43. Rxb5 Kd4 44. Nh4 Kxd3 45. Rxc5 Re1+ 46. Kf2
Re2+ 47. Kf1 Bd4 48. Rd5 Rf2+ 49. Kg1 Rxa2+ 50. Rxd4+ Kxd4 51. Nxf5+ Ke4 52.
Nh4 Ke3 53. Nf5+ Ke4 54. Nh4 Rb2 55. Kh1 Ke3 56. Kg1 Rb1+ 57. Kg2 Rb2+ 58. Kg1
Ra2 59. Nf5+ Kf3 60. Nh4+ Ke4 61. Kh1 Ra1+ 62. Kg2 Ke3 63. Nf5+ Ke4 64. Nh4 Ra4
{The remainder of the scoresheet is illegible} 0-1

[Event "Gibraltar ChallWk1 11th "]
[Site "Gibraltar"]
[Date "2013.01.24"]
[Round "4.22"]
[White "Taus, Martin"]
[Black "Ungureanu, Sandu"]
[Result "1-0"]
[WhiteElo "2181"]
[BlackElo "2019"]
[PlyCount "127"]
[EventDate "2013.01.21"]
[EventType "swiss"]
[EventRounds "5"]
[EventCountry "GGB"]
[SourceTitle "BritBase"]
[Source "www.saund.co.uk"]
[SourceDate "2018.02.10"]
[SourceVersion "1"]
[SourceVersionDate "2018.02.10"]
[SourceQuality "1"]

1. e4 g6 2. d4 Bg7 3. c4 d6 4. Nc3 Nf6 5. h3 O-O 6. Bg5 Nc6 7. d5 Nb8 8. Bd3 h6
9. Bd2 e5 10. g4 a5 11. Nge2 Na6 12. Ng3 Nc5 13. Bc2 Bd7 14. b3 Nh7 15. h4 Qc8
16. f3 f6 17. h5 g5 18. Nf5 Qb8 19. Qe2 Rf7 20. O-O Nf8 21. a3 Be8 22. b4 axb4
23. axb4 Rxa1 24. Rxa1 Na6 25. Rb1 Nd7 26. Be3 Bf8 27. Bd3 c5 28. dxc6 bxc6 29.
c5 Nxb4 30. Bc4 dxc5 31. Rd1 Nb6 32. Bxf7+ Bxf7 33. Qf2 Na6 34. Qd2 Nc4 35. Qd8
Qxd8 36. Rxd8 Nxe3 37. Nxe3 Bb3 38. Nf5 Kf7 39. Rd7+ Ke8 40. Rh7 Bg8 41. Ra7
Nb4 42. Ra8+ Kf7 43. Kf1 Bh7 44. Ra7+ Kg8 45. Ne3 Kh8 46. Rf7 Bg7 47. Na4 Bg8
48. Rb7 Nd3 49. Nb2 Nxb2 50. Rxb2 Bf8 51. Rb8 Kg7 52. Nf5+ Kf7 53. Ke2 c4 54.
Kd2 Bh7 55. Rb7+ Kg8 56. Ne3 Kh8 57. Rf7 Bb4+ 58. Kc2 Bc5 59. Nf5 Bxf5 60. exf5
Bd4 61. Rxf6 c5 62. Rxh6+ Kg7 63. Rg6+ Kf7 64. Rxg5 1-0

[Event "Gibraltar ChallWk1 11th "]
[Site "Gibraltar"]
[Date "2013.01.24"]
[Round "4.24"]
[White "Gieritz, Dietmar"]
[Black "Suez-Panama, Gilles"]
[Result "0-1"]
[WhiteElo "2112"]
[BlackElo "1989"]
[PlyCount "108"]
[EventDate "2013.01.21"]
[EventType "swiss"]
[EventRounds "5"]
[EventCountry "GGB"]
[SourceTitle "BritBase"]
[Source "www.saund.co.uk"]
[SourceDate "2018.02.10"]
[SourceVersion "1"]
[SourceVersionDate "2018.02.10"]
[SourceQuality "1"]

1. Nf3 d5 2. g3 c6 3. Bg2 e6 4. d4 f5 5. O-O Nf6 6. c4 Bd6 7. Nc3 O-O 8. a4 Bb4
9. Qb3 a5 10. Rd1 Qe8 11. Ne5 Kh8 12. f3 Nbd7 13. Nd3 Bd6 14. Nf2 Qg6 15. e4
fxe4 16. fxe4 dxc4 17. Qxc4 e5 18. Be3 Bb8 19. d5 cxd5 20. exd5 Ra6 21. Nb5 Nb6
22. Qc5 Nbd7 23. Qa3 Ng4 24. Nxg4 Qxg4 25. d6 Rc6 26. Bxc6 bxc6 27. Nc7 Rf3 28.
Rd2 Ba7 29. Bxa7 Rxa3 30. Rxa3 c5 31. Rb3 Qxa4 32. Rc3 Qa1+ 33. Kf2 Qh1 34. Nd5
Qxh2+ 35. Ke3 Qxg3+ 36. Ke2 Qg4+ 37. Kd3 Bb7 38. Ne3 Qe4+ 39. Ke2 h5 40. Bxc5
Qf3+ 41. Ke1 Nxc5 42. d7 Nxd7 43. Rxd7 Ba6 44. Kd2 h4 45. Ra7 Qe2+ 46. Kc1 Bd3
47. Nd1 h3 48. Rd7 e4 49. Rc8+ Kh7 50. Rcc7 Qg4 51. Rxg7+ Qxg7 52. Rxg7+ Kxg7
53. Nf2 h2 54. Kd2 Bf1 0-1

[Event "Gibraltar ChallWk1 11th "]
[Site "Gibraltar"]
[Date "2013.01.24"]
[Round "4.26"]
[White "Samu, Sorin-Mihai"]
[Black "Haddock, Paul"]
[Result "1-0"]
[WhiteElo "2095"]
[BlackElo "1674"]
[PlyCount "39"]
[EventDate "2013.01.21"]
[EventType "swiss"]
[EventRounds "5"]
[EventCountry "GGB"]
[SourceTitle "BritBase"]
[Source "www.saund.co.uk"]
[SourceDate "2018.02.10"]
[SourceVersion "1"]
[SourceVersionDate "2018.02.10"]
[SourceQuality "1"]

1. e4 e5 2. f4 d5 3. exd5 e4 4. Nc3 Nf6 5. d3 Bb4 6. dxe4 Nxe4 7. Qd4 Bxc3+ 8.
bxc3 Qh4+ 9. g3 Nxg3 10. hxg3 Qxh1 11. Qxg7 Qe4+ 12. Ne2 Rf8 13. Ba3 Nd7 14.
O-O-O Qa4 15. Bxf8 Nxf8 16. Qe5+ Kd8 17. Nd4 Bd7 18. Kb2 c6 19. Qd6 Ng6 20.
dxc6 1-0

[Event "Gibraltar ChallWk1 11th "]
[Site "Gibraltar"]
[Date "2013.01.24"]
[Round "4.27"]
[White "Tveten, Per"]
[Black "Nafri, Khalil"]
[Result "0-1"]
[WhiteElo "1597"]
[BlackElo "2091"]
[PlyCount "112"]
[EventDate "2013.01.21"]
[EventType "swiss"]
[EventRounds "5"]
[EventCountry "GGB"]
[SourceTitle "BritBase"]
[Source "www.saund.co.uk"]
[SourceDate "2018.02.10"]
[SourceVersion "1"]
[SourceVersionDate "2018.02.10"]
[SourceQuality "1"]

1. e4 c5 2. c4 Nc6 3. Nc3 g6 4. d3 Bg7 5. Nf3 d6 6. h3 e6 7. g3 Nge7 8. Bg2 O-O
9. Be3 Rb8 10. Qd2 a6 11. Bh6 b5 12. Bxg7 Kxg7 13. b3 d5 14. cxd5 exd5 15. exd5
Nxd5 16. O-O Bf5 17. Ne1 Nce7 18. Ne4 Rc8 19. Rc1 Qb6 20. g4 Be6 21. Qb2+ Kg8
22. Nf6+ Nxf6 23. Qxf6 Qd6 24. Bb7 Rc7 25. Be4 Nd5 26. Qf3 f5 27. Bxd5 Bxd5 28.
Qg3 Qe7 29. f4 Bb7 30. g5 Qd6 31. Rd1 Re7 32. Nc2 Rfe8 33. Rde1 Re2 34. Rxe2
Rxe2 35. Rf2 Re7 36. Rf1 Rd7 37. Rd1 Qd5 38. Kf2 c4 39. Ne3 Qc5 40. Ke2 cxb3
41. axb3 Qc3 42. Nxf5 gxf5 43. Qe3 Kf7 44. Rc1 Qb2+ 45. Kd1 Re7 46. Qxe7+ Kxe7
47. Rc7+ Kd6 48. Rxb7 Qxb3+ 49. Kd2 b4 50. Rxh7 Qc3+ 51. Ke3 b3 52. g6 Qe1+ 53.
Kf3 Qf1+ 54. Ke3 Qg1+ 55. Kd2 Qxg6 56. Rb7 Qg2+ 0-1

[Event "Gibraltar ChallWk1 11th "]
[Site "Gibraltar"]
[Date "2013.01.24"]
[Round "4.30"]
[White "Gravett, Alan D"]
[Black "Munoz Jorva, Miguel Angel"]
[Result "0-1"]
[WhiteElo "1869"]
[BlackElo "1916"]
[PlyCount "38"]
[EventDate "2013.01.21"]
[EventType "swiss"]
[EventRounds "5"]
[EventCountry "GGB"]
[SourceTitle "BritBase"]
[Source "www.saund.co.uk"]
[SourceDate "2018.02.10"]
[SourceVersion "1"]
[SourceVersionDate "2018.02.10"]
[SourceQuality "1"]

1. g3 Nf6 2. Bg2 d5 3. Nf3 g6 4. c4 c6 5. cxd5 cxd5 6. O-O Bg7 7. d4 O-O 8. Nc3
e6 9. h3 Nc6 10. Bf4 Nh5 11. Bg5 Qb6 12. g4 Nf6 13. Na4 Qb5 14. e3 Ne4 15. Bf4
Bd7 16. Nc3 Nxc3 17. bxc3 Rac8 18. Qd2 Na5 19. Bd6 Nc4 0-1

[Event "Gibraltar ChallWk1 11th "]
[Site "Gibraltar"]
[Date "2013.01.24"]
[Round "4.31"]
[White "Brown, David"]
[Black "Georgieva, Emilia"]
[Result "1-0"]
[WhiteElo "1967"]
[BlackElo "1949"]
[PlyCount "133"]
[EventDate "2013.01.21"]
[EventType "swiss"]
[EventRounds "5"]
[EventCountry "GGB"]
[SourceTitle "BritBase"]
[Source "www.saund.co.uk"]
[SourceDate "2018.02.10"]
[SourceVersion "1"]
[SourceVersionDate "2018.02.10"]
[SourceQuality "1"]

1. e4 c6 2. d4 d5 3. exd5 cxd5 4. Bd3 Nf6 5. c3 Nc6 6. Bf4 e6 7. Nd2 Bd6 8.
Bxd6 Qxd6 9. Ngf3 O-O 10. O-O e5 11. dxe5 Nxe5 12. Nxe5 Qxe5 13. Nf3 Qh5 14.
Nd4 Qh6 15. Qc1 Qh5 16. Qf4 Be6 17. Rae1 Rae8 18. f3 Bd7 19. Ne2 Qe5 20. Qxe5
Rxe5 21. Nd4 Rfe8 22. Kf2 a6 23. Rxe5 Rxe5 24. Re1 Rxe1 25. Kxe1 g6 26. Kd2 Kf8
27. Ke3 Ke7 28. Nc2 Kd6 29. h3 h6 30. Kd4 Nh5 31. Ke3 Ke5 32. Nd4 Nf4 33. Bf1
h5 34. h4 f6 35. g3 Ne6 36. Bd3 Nf8 37. Nb3 g5 38. Nc5 Bc8 39. b4 gxh4 40. gxh4
f5 41. f4+ Kd6 42. Be2 Ng6 43. Bxh5 Nxh4 44. Bf7 Ng2+ 45. Kf3 Ne1+ 46. Kf2 Nc2
47. Nb3 Na3 48. Ke3 Bd7 49. Nd4 Nb5 50. Kd3 b6 51. Nf3 Na3 52. Nh4 Bb5+ 53. Ke3
Bd7 54. Bg6 a5 55. bxa5 bxa5 56. Bxf5 Be8 57. Bd3 Bf7 58. Kd4 Nc4 59. Bxc4 dxc4
60. Nf3 Bg8 61. Ne5 Kc7 62. Nxc4 a4 63. a3 Kc6 64. Nb2 Bb3 65. c4 Bc2 66. Kc3
Bb3 67. Kb4 1-0

[Event "Gibraltar ChallWk1 11th "]
[Site "Gibraltar"]
[Date "2013.01.24"]
[Round "4.32"]
[White "Longdin, Michael"]
[Black "Nwachukwu, Chino"]
[Result "1-0"]
[WhiteElo "1787"]
[BlackElo "1962"]
[PlyCount "79"]
[EventDate "2013.01.21"]
[EventType "swiss"]
[EventRounds "5"]
[EventCountry "GGB"]
[SourceTitle "BritBase"]
[Source "www.saund.co.uk"]
[SourceDate "2018.02.10"]
[SourceVersion "1"]
[SourceVersionDate "2018.02.10"]
[SourceQuality "1"]

1. d4 Nf6 2. Nf3 g6 3. e3 Bg7 4. Bd3 d6 5. Nbd2 O-O 6. O-O b6 7. Re1 c5 8. c3
Bb7 9. e4 Nbd7 10. e5 Nd5 11. exd6 exd6 12. Ne4 N7f6 13. Bg5 h6 14. Bh4 Nf4 15.
Bc2 g5 16. Nxf6+ Qxf6 17. Bg3 Rfe8 18. Bxf4 Qxf4 19. d5 g4 20. Nh4 Rxe1+ 21.
Qxe1 Bxd5 22. Rd1 Bc6 23. Nf5 Re8 24. Qf1 Be5 25. Ng3 h5 26. Qd3 h4 27. Qh7+
Kf8 28. Qxh4 Bxg2 29. Kxg2 Bf6 30. Qh5 Re5 31. Qh7 d5 32. Qd3 c4 33. Qd2 Qf3+
34. Kf1 Bh4 35. Qh6+ Ke7 36. Qxh4+ Ke6 37. Re1 f6 38. Rxe5+ Kxe5 39. Qh5+ Kd6
40. Qf5 1-0

[Event "Gibraltar ChallWk1 11th "]
[Site "Gibraltar"]
[Date "2013.01.25"]
[Round "5.1"]
[White "Sanchez Botella, Luis Javier"]
[Black "Sanchez Castillo, Sarai"]
[Result "1/2-1/2"]
[WhiteElo "2196"]
[BlackElo "2212"]
[PlyCount "20"]
[EventDate "2013.01.21"]
[EventType "swiss"]
[EventRounds "5"]
[EventCountry "GGB"]
[SourceTitle "BritBase"]
[Source "www.saund.co.uk"]
[SourceDate "2018.02.10"]
[SourceVersion "1"]
[SourceVersionDate "2018.02.10"]
[SourceQuality "1"]

1. Nf3 Nf6 2. c4 c5 3. Nc3 Nc6 4. g3 g6 5. Bg2 Bg7 6. O-O O-O 7. e4 e5 8. d3 d6
9. h3 h6 10. a3 Be6 1/2-1/2

[Event "Gibraltar ChallWk1 11th "]
[Site "Gibraltar"]
[Date "2013.01.25"]
[Round "5.2"]
[White "Dolzhikova, Olga"]
[Black "Zygouris, Hristos"]
[Result "1/2-1/2"]
[WhiteElo "2239"]
[BlackElo "2218"]
[PlyCount "151"]
[EventDate "2013.01.21"]
[EventType "swiss"]
[EventRounds "5"]
[EventCountry "GGB"]
[SourceTitle "BritBase"]
[Source "www.saund.co.uk"]
[SourceDate "2018.02.10"]
[SourceVersion "1"]
[SourceVersionDate "2018.02.10"]
[SourceQuality "1"]

1. e4 c5 2. c3 d5 3. exd5 Qxd5 4. d4 g6 5. dxc5 Qxc5 6. Na3 Bg7 7. Nb5 a6 8.
Be3 Qc6 9. Nd4 Qc7 10. g3 Nf6 11. Bg2 O-O 12. Qb3 Ng4 13. Nc2 Nd7 14. Ne2 Nc5
15. Bxc5 Qxc5 16. O-O Be6 17. Qb4 Qxb4 18. Nxb4 Rad8 19. Rfd1 Bc4 20. Nf4 a5
21. Nc2 e6 22. h3 Ne5 23. b3 Ba6 24. c4 b5 25. cxb5 Bxb5 26. Nd4 Ba6 27. Rac1
Rd6 28. Nc6 Rxd1+ 29. Rxd1 Nxc6 30. Bxc6 Rc8 31. Be4 g5 32. Ng2 f5 33. Bb1 Be2
34. Re1 Bb5 35. Rxe6 Rc1+ 36. Re1 Rxe1+ 37. Nxe1 Bd7 38. f4 gxf4 39. gxf4 Kf7
40. Kf2 Ke6 41. Ke3 Kd5 42. Nf3 Bf6 43. Bd3 Kc5 44. a3 Bb2 45. b4+ axb4 46.
axb4+ Kxb4 47. Nh4 Bc1+ 48. Kf3 Kc5 49. Bxf5 Bxf5 50. Nxf5 Kd5 51. Ng3 Ke6 52.
Kg4 Kf6 53. Ne4+ Kg6 54. Ng3 Bb2 55. h4 Bc1 56. h5+ Kf6 57. Ne4+ Kg7 58. Kg5
h6+ 59. Kf5 Kf7 60. Nf2 Kg7 61. Ng4 Bd2 62. Ke5 Bc1 63. Nf2 Kf7 64. Ne4 Bb2+
65. Kf5 Ba3 66. Nf2 Bc1 67. Nd3 Ba3 68. Ke5 Be7 69. Nf2 Bf6+ 70. Kd6 Bh4 71.
Ng4 Bg3 72. Nxh6+ Kf6 73. Ng8+ Kg7 74. Ke6 Bxf4 75. Nf6 Bc1 76. Ng4 1/2-1/2

[Event "Gibraltar ChallWk1 11th "]
[Site "Gibraltar"]
[Date "2013.01.25"]
[Round "5.3"]
[White "Schouten, Freek"]
[Black "Scharrer, Patrick"]
[Result "0-1"]
[WhiteElo "2060"]
[BlackElo "2248"]
[PlyCount "114"]
[EventDate "2013.01.21"]
[EventType "swiss"]
[EventRounds "5"]
[EventCountry "GGB"]
[SourceTitle "BritBase"]
[Source "www.saund.co.uk"]
[SourceDate "2018.02.10"]
[SourceVersion "1"]
[SourceVersionDate "2018.02.10"]
[SourceQuality "1"]

1. d4 d6 2. e4 g6 3. Nc3 Bg7 4. Be3 a6 5. h4 Nf6 6. f3 h5 7. Qd2 b5 8. Nh3 Nbd7
9. Ng5 Bb7 10. O-O-O e6 11. Ne2 Qe7 12. Kb1 Rc8 13. Nf4 c5 14. c3 cxd4 15. cxd4
O-O 16. Bd3 e5 17. Ne2 d5 18. Ng3 dxe4 19. Bxe4 Nxe4 20. N3xe4 exd4 21. Bxd4
Ne5 22. Qf4 Nc4 23. Bxg7 Kxg7 24. Rhe1 Qb4 25. Qf6+ Kh6 26. Qc3 Bxe4+ 27. Nxe4
Qxc3 28. Nxc3 Na3+ 29. bxa3 Rxc3 30. Kb2 Rfc8 31. Re2 R3c4 32. Rd7 R8c7 33.
Rxc7 Rxc7 34. Re4 f5 35. Rd4 Re7 36. Rd2 Re6 37. Kb3 g5 38. hxg5+ Kxg5 39. Kb4
Kf4 40. a4 bxa4 41. Kxa4 Kg3 42. Ka5 h4 43. a4 f4 44. Rb2 Rh6 45. Rc2 Re6 46.
Rb2 Rh6 47. Rc2 h3 48. gxh3 Kxf3 49. h4 Kg3 50. Rc8 f3 51. h5 f2 52. Rg8+ Kh2
53. Rf8 Kg1 54. Rg8+ Kf1 55. Rf8 Re6 56. h6 Rxh6 57. Kb4 Rg6 0-1